| 000 | 00787cam a2200229 a 4500 | ||
|---|---|---|---|
| 001 | 000017674 | ||
| 005 | 20200929165206.0 | ||
| 008 | 741213s1958 sp a 001 p spa d | ||
| 040 |
_aDO-SdBNP _bspa _cDLC _dBNPHU |
||
| 082 |
_a928.46 _bA366e |
||
| 100 | 1 |
_aAleixandre, Vicente, _d1898-1984. _914070 |
|
| 245 | 1 | 4 |
_aLos encuentros / _cVicente Aleixandre ; Dibujos de Zamorano. |
| 260 |
_aMadrid, España : _bEdiciones Guadarrama, _c1958. |
||
| 300 |
_a301 p. : _bil. ; _c20 cm. |
||
| 500 | _aSemblanzas personales alusivas a poetas españoles | ||
| 650 | 4 |
_aAutores españoles _938499 |
|
| 650 | 4 |
_aLiteratos españoles _xRelatos personales _933951 |
|
| 650 | 4 |
_aPoesía española _9631 |
|
| 650 | 4 |
_aLiteratura española _9632 |
|
| 910 | _aCatalogación por copia / LC | ||
| 049 | _aBNGR | ||
| 999 |
_c17199 _d17199 |
||